000 00384nam a2200145Ia 4500
008 231129s2007||||xx |||||||||||||| ||spa||
020 _a978-958-8445-63-2
040 _bspa
082 _a(i) Co863.6 D111i
100 _aDa Coll Ivar
245 0 _aChiguiro chistoso
260 _c2007
264 _aBogotá Colombia : Babel Libros
942 _2ddc
_cBKS
999 _c591
_d591